| 000 | 01942cam a2200253 4500 | ||
|---|---|---|---|
| 001 | ##L134826 | ||
| 008 | 060904n2006 000 0 eng u | ||
| 020 | _a1851128182 | ||
| 035 | _a(Sirsi) u134826 | ||
| 041 | 0 | _aeng | |
| 050 | 0 | 4 | _a692.21 $2 18 |
| 110 | 2 |
_aUnited Kingdom _bDepartment for Communities and Local Government _94939 |
|
| 245 | 0 | 0 |
_aFire safety risk assessment _bresidential care premises |
| 260 |
_aLondon _bDCLG _c2006 |
||
| 300 |
_a150p. _bill. _c30cm |
||
| 490 | 0 | _aDCLG Fire Safety Risk Assessment | |
| 505 | 0 | _aFire risk assessment -- Identify fire hazards -- Identify people at risk -- Evaluate, remove, reduce and protect from risk -- Record, plan inform, instruct and train -- Review -- Further guidance on fire risk assessment and fire precautions -- Further guidance on fire risks and preventative measures -- Further guidance on fire-detection and warning systems -- Further guidance on firefighting equipment and facilities -- Further guidance on escape routes -- Further guidance on emergency escape lighting -- Further guidance on signs and notices -- Further guidance on recording, planning, informing, instructing and training -- Quality assurance of fire protection equipment and installation -- Example fire safety maintenance checklist -- Technical information on fire-resisting separation, fire doors and door fastenings -- Historic buildings -- Glossary | |
| 520 | _aOffers guidance for the employers, managers, occupiers and owners of permanently staffed residential care premises where some or all of the occupants may require help in the event of a fire. Gives advice on complying with fire safety law, carrying out a risk assessment and the general fire precautions required. | ||
| 590 | _aIKA050906 | ||
| 650 | 2 | 4 | _aREGULATORY REFORM (FIRE SAFETY) ORDER 2005 |
| 651 | 4 |
_aEngland and Wales _y1543- |
|
| 690 | _aMANAGEMENT-HEALTH AND SAFETY-FIRE SAFETY-FIRE RISK ASSESSMENT | ||
| 942 | _n0 | ||
| 999 |
_c105813 _d105813 |
||